| 000 | 00811cam a22002531 4500 | ||
|---|---|---|---|
| 001 | sa 68018370 | ||
| 003 | DLC | ||
| 005 | 20260227112711.0 | ||
| 008 | 890510s1968 ii af 100 0 tamo | ||
| 010 | _asa 68018370 | ||
| 035 | _a(OCoLC)19690955 | ||
| 040 |
_aDLC _cWaU _dDLC |
||
| 042 | _apremarc | ||
| 050 | 0 | 0 |
_aPL4751 _b.A3 1968 |
| 111 | 2 |
_aInternational Conference-Seminar of Tamil Studies _n(2nd : _d1968 : _cMadras, India) |
|
| 245 | 1 | 0 |
_aKaiyēṭu. _bHand book. |
| 260 | _c1968. | ||
| 300 |
_a316, 205, 92, 8 p. _billus., col. plate. _c21 cm. |
||
| 500 | _aOrganized by the International Association of Tamil Research. | ||
| 500 | _aPages 1-205 (2d group) contain advertisements. | ||
| 500 | _aIn Tamil. | ||
| 650 | 0 | _aTamil philology. | |
| 710 | 2 | _aInternational Association of Tamil Research. | |
| 999 |
_c88360 _d88360 |
||